000 01080cam a2200301 4500
001 J109166
008 000000n2000 000 0 eng u
035 _a(Sirsi) u109166
050 _a346.4104343
110 _aBritish Council of Shopping Centres
_91982
245 _aService charges in commercial property : a guide to good practice
250 _a2nd ed.
260 _bProperty Managers Association
_c2000
300 _a36p. ; 30cm.
650 _aPROPERTY-COMMERCIAL PROPERTY
650 _aSERVICE CHARGES
650 _aProperty management
_96262
650 _aRETAIL PROPERTY
690 _aPROPERTY MANAGEMENT-COMMERCIAL PROPERTY
690 _aPROPERTY-COMMERCIAL PROPERTY-COMMERCIAL LANDLORD AND TENANT-COMMERCIAL SERVICE CHARGES
710 _aRoyal Institution of Chartered Surveyors
_94900
710 _aBritish Property Federation
_91604
710 _aBritish Retail Consortium
_91582
710 _aShopping Centre Management Group
_91584
710 _aBritish Council for Offices
_93992
710 _aProperty Managers Association
_9213
942 _n0
999 _c100889
_d100889